| 000 | 01092nam a2200241Ia 4500 | ||
|---|---|---|---|
| 999 |
_c37406 _d37406 |
||
| 001 | 3365 | ||
| 003 | GE_BSU | ||
| 005 | 20190605204340.0 | ||
| 008 | 181216s1967 ge |||||||||||||| ||geo|| | ||
| 040 | _cGE_BSU | ||
| 041 | _ageo | ||
| 080 | _a621.01(075.8) ქ–16 | ||
| 100 |
_aქათამაძე, დ. _92201 |
||
| 245 |
_aმექანიზმების თეორია და მანქანათა ნაწილები : სახელმძღვ. / _cდ. ქათამაძე ; დ. ჭელიძე ; რედ : ჩ. გურგენიძე. |
||
| 250 | _aმე-2 შევს. და გადამუშ. გამოც. | ||
| 264 |
_aთბილისი : _bგანათლება, _c1967. |
||
| 300 |
_a386 გვ .: _bილ ; _c22 სმ. |
||
| 653 | _aმექანიზმების თეორია | ||
| 653 | _aმანქანათა ნაწილები | ||
| 700 |
_a ჭელიძე, დ _92202 |
||
| 700 |
_aგურგენიძე, ჩ _eრედაქტორი _92203 |
||
| 942 |
_cBK _2udc |
||